The walking box

Bibliographic Details
Main Author: Ling, Judy
Format: Book
Published: Petaling Jaya : Longman , 1993
Series:Hibiscus series
Subjects:

MARC

LEADER 00000cam a2200000 7i4500
001 0000001558
002 000001704
005 20000330.0
020 |a 9837400986 
090 0 0 |a JF   |b LIN 
100 1 |a Ling, Judy 
245 1 4 |a The walking box   |c Judy Ling 
260 |a Petaling Jaya :   |b Longman ,   |c 1993 
300 |a 14p. :   |b ill. ;   |c 24cm. 
490 0 |a Hibiscus series 
650 0 0 |a Children's stories 
999 |a 034197   |b BUKU   |c JUNIOR FICTION   |e PERPUSTAKAAN KOMUNITI PETALING JAYA 
999 |a 034198   |b BUKU   |c PINJAMAN   |e PERPUSTAKAAN KOMUNITI PETALING JAYA